000 00625nam a22002177a 4500
003 UA-OsUOA
001 56308
007 ta
008 20081014b un ||||| |||| 00| 0 ukr d
100 _aШишков Ю.
090 _a330
_bШ65
942 _cSA
040 _aUA-OsUOA
_brus
_cUA-OsUOA
_dUA-OsUOA
245 _aРегионализация и глобализация мировой экономики: альтернатива или взаимодополнения
300 _aС.3-21
955 _a0
041 _arus
080 _a330
773 0 _w56307
650 7 _a330 Економіка взагалі
_2UDC
999 _c342393
_d342393